000 00483nam a2200217Ia 4500
001 14504
003 GE_BSU
008 181216s||||||||xx |||||||||||||| ||und||
020 _a9780380709120
040 _cGE_BSU
080 _a82-93
100 _aCleary, Beverly
245 _aHenry Huggins
245 _cIllustrated by Tracy Dockray
260 _aNew York
260 _bHarper Trophy
260 _c2000
300 _a185p.ill.20cm.
653 _aHenry Huggins
942 _cBK
999 _c47635
_d47635